A Year book of East Africa 1953-1954. (Record no. 13275)
[ view plain ]
| 000 -LEADER | |
|---|---|
| fixed length control field | 00472nam a22001692 4500 |
| 001 - CONTROL NUMBER | |
| control field | 0000009757 |
| 005 - DATE AND TIME OF LATEST TRANSACTION | |
| control field | 20151217155843.0 |
| 008 - FIXED-LENGTH DATA ELEMENTS--GENERAL INFORMATION | |
| fixed length control field | 081126s xx 000 0 eng d |
| 040 ## - CATALOGING SOURCE | |
| Original cataloging agency | KABU |
| Transcribing agency | KABU |
| 245 12 - TITLE STATEMENT | |
| Title | A Year book of East Africa 1953-1954. |
| 260 ## - PUBLICATION, DISTRIBUTION, ETC. (IMPRINT) | |
| Place of publication, distribution, etc. | Nairobi : |
| Name of publisher, distributor, etc. | English Press, |
| Date of publication, distribution, etc. | [1954] |
| 300 ## - PHYSICAL DESCRIPTION | |
| Extent | 479 p. |
| 651 #0 - SUBJECT ADDED ENTRY--GEOGRAPHIC NAME | |
| Geographic name | Africa, East. |
| -- | 0000161521 |
| 852 1# - LOCATION | |
| -- | p500 KES |
| 908 ## - PUT COMMAND PARAMETER (RLIN) | |
| Put command parameter | 081126 |
| 950 ## - LOCAL HOLDINGS (RLIN) | |
| -- | 1 |
| Withdrawn status | Lost status | Source of classification or shelving scheme | Not for loan | Home library | Current library | Date acquired | Total Checkouts | Full call number | Barcode | Date last seen | Price effective from | Koha item type |
|---|---|---|---|---|---|---|---|---|---|---|---|---|
| Library of Congress Classification | Kabarak, Main Campus | Kabarak, Main Campus | 17/12/2015 | DT421 .Y43 1954 c. 1 | 15613 | 17/12/2015 | 17/12/2015 | Africana Collection |